| 000 | 00406 a2200157 4500 | ||
|---|---|---|---|
| 001 | 55536 | ||
| 090 |
_c34469 _d34469 |
||
| 100 | _asedra / smith | ||
| 245 |
_amicroelectronic circuits,5/e _csedra and smith |
||
| 250 | _a5 | ||
| 260 |
_aNew york _bChapman Hall _c2004 |
||
| 300 | _ewith CD | ||
| 500 | _aBE Avionics textbook | ||
| 505 | _aCD/DVD | ||
| 650 |
_aOrCAD products _cPSpice 9.2 * SPICE circuit examples |
||
| 942 | _aNUST-CAE | ||
| 999 |
_c290609 _d290609 |
||